Pulzus

Elmentve itt :
Bibliográfiai részletek
Szerző: Puskás Attila
Dokumentumtípus: Cikk
Megjelent: Belvedere Meridionale Szeged 1990
Sorozat:Belvedere Meridionale 2 No. 3
Kulcsszavak:Művelődéstörténet
Tárgyszavak:
Online Access:http://acta.bibl.u-szeged.hu/4237
LEADER 00664nab a2200193 i 4500
001 acta4237
005 20250829114225.0
008 161015s1990 hu o 000 hun d
040 |a SZTE Egyetemi Kiadványok Repozitórium  |b hun 
041 |a hun 
100 1 |a Puskás Attila 
245 1 0 |a Pulzus  |h [elektronikus dokumentum] /  |c  Puskás Attila 
260 |a Belvedere Meridionale  |b Szeged  |c 1990 
300 |a 5-9 
490 0 |a Belvedere Meridionale  |v 2 No. 3 
650 4 |a Bölcsészettudományok 
650 4 |a Történettudomány és régészet 
695 |a Művelődéstörténet 
856 4 0 |u http://acta.bibl.u-szeged.hu/4237/1/belvedere_1990_003_005-009.pdf  |z Dokumentum-elérés